Statistics for Marvel- All Big Hero 6 Members

Click here to take the quiz!

General Stats

  • This quiz has been taken 15 times
  • The average score is 6 of 11

Answer Stats

Name% Correct
Baymax
100%
Hiro Hamada
91%
Hiro Takachiho
91%
Aiko Miyazaki/Honey Lemon
73%
Fred/Fredzilla
73%
Wasabi-No Ginger
55%
Leiko Tanaka/Go-Go Tomago
27%
Shiro Yoshida/Sunfire
18%
Keniuchio Harada/Silver Samurai
9%
Kioshi Keishicho/Ebon Samurai
9%
Lumina/Sunpyre
9%

Score Distribution

Percentile by Number Answered

Percent of People with Each Score

Your Score History

You have not taken this quiz